000 00982nam a2200277 i 4500
001 bg
003 BPK
005 20200630132816.0
008 051003s1973 pl a f f |000 0 pol
015 _aPB 1974/1155
040 _aWA N
_cBPK
080 _a621.3
080 _a(076+075.8)
245 0 0 _aLaboratorium elektrotechniki i elektroniki :
_bpraca zbiorowa /
_cpod red. Franciszka Przezdzieckiego ; [aut. Henryk Bitel et al.].
260 _aWarszawa :
_bPańst. Wydaw. Naukowe,
_c1973.
300 _a367, [1] s. :
_bil., wykr. ;
_c24 cm.
504 _aBibliogr.
655 4 _aĆwiczenia i zadania dla szkół wyższych
650 4 _aElektronika
650 4 _aElektrotechnika
700 1 _aPrzeździecki, Franciszek
_d(1926- ).
_eRed.
700 1 _aBitel, Henryk.
710 2 _aPaństwowe Wydawnictwo Naukowe
_4pbl.
942 _2UKD
_cKS
856 _uhttp://koha.tu.koszalin.pl/cgi-bin/koha/opac-detail.pl?biblionumber=7665
_yKatalog online BPK
999 _c7665
_d7665